| 000 | 01042nam a2200313 4500 | ||
|---|---|---|---|
| 003 | DO-SdBPM | ||
| 005 | 20260302131614.0 | ||
| 007 | ta | ||
| 008 | 161115b1992 00| 0 spa d | ||
| 020 | _a9582401001 | ||
| 040 |
_aDO-SdBPM _bspa _cBPMSU _erda |
||
| 082 | 0 | 4 |
_a823.91 _bD131b 1991 _222 |
| 100 | 1 |
_aDahl, Roald, _d1916-1990. _eautor _4aut. |
|
| 245 | 1 | 4 |
_aLas brujas / _cRoald Dahl ; traducción de Maribel de Juan ; ilustraciones de Quentin Blake. |
| 260 |
_c _g |
||
| 264 |
_aSanta Fé, Bogotá : _bAlfaguara , _c1991 |
||
| 300 |
_a200 páginas : _bilustraciones ; _c21 cm. |
||
| 336 |
_atexto _btxt _2rdacontent |
||
| 337 |
_asin mediación _bn _2rdamedia |
||
| 338 |
_avolumen _bn _2rdacarrier |
||
| 490 | 0 | _aAlfaguara infantil | |
| 590 | _aInventariado, 2026/VM | ||
| 650 | 7 | _aNovela juvenil estadounidense | |
| 650 | 7 | _aLiteratura Juvenil estadounidenses | |
| 700 | 1 |
_aBlake, Quentin, _eilustración |
|
| 700 | 1 |
_aMaribel de Juan, _etraducción |
|
| 910 | _aVMateo V. Control de calidad. BPMSU | ||
| 942 |
_2ddc _cBK |
||
| 999 |
_c11956 _d11956 |
||